Văn hóa làng truyền thống người Chăm tỉnh Ninh Thuận

Nội dung sách giới thiệu Làng Chăm làng Hữu Đức. Đặc điểm khu đất thành lập làng, khuôn viên nhà ở, cơ cấu dòng tộc và vật tổ của người Chăm truyền thống. Chức sắc tín ngưỡng của người Chăm....

Fuld beskrivelse

Đã lưu trong:
Bibliografiske detaljer
Hovedforfatter: Sử, Văn Ngọc
Format: Bog
Sprog:Undetermined
Udgivet: Hà Nội Dân Trí 2010
Fag:
Tags: Tilføj Tag
Ingen Tags, Vær først til at tagge denne postø!
Thư viện lưu trữ: Trung tâm Học liệu Trường Đại học Cần Thơ
LEADER 01029nam a2200205Ia 4500
001 CTU_164085
008 210402s9999 xx 000 0 und d
082 |a 306.09597 
082 |b Ng419 
100 |a Sử, Văn Ngọc 
245 0 |a Văn hóa làng truyền thống người Chăm tỉnh Ninh Thuận 
245 0 |c Sử Văn Ngọc 
260 |a Hà Nội 
260 |b Dân Trí 
260 |c 2010 
520 |a Nội dung sách giới thiệu Làng Chăm làng Hữu Đức. Đặc điểm khu đất thành lập làng, khuôn viên nhà ở, cơ cấu dòng tộc và vật tổ của người Chăm truyền thống. Chức sắc tín ngưỡng của người Chăm. 
650 |a Culture,Culture,Văn hóa,Văn hóa 
650 |z Vietnam,Chămpa,Việt Nam,Chămpa 
904 |i HPTVi,Qhieu (Tuyến sửa số pl 306.597 thành 306.09597, chưa in nhãn) 
980 |a Trung tâm Học liệu Trường Đại học Cần Thơ